| 000 | 00438nam a2200169 i 4500 | ||
|---|---|---|---|
| 001 | 18980 | ||
| 003 | ES-MaACL | ||
| 005 | 20230906151951.0 | ||
| 007 | t| | ||
| 008 | 020424s2001 sp ||||1| spa d | ||
| 080 | _a821.134.2-14"19" | ||
| 100 | 1 |
_aPolo, María. _992865 |
|
| 245 | 1 | 3 |
_aUn dedo en el corazón / _cMaría Polo. |
| 260 |
_aMadrid : _b[s.n.], _c2001. |
||
| 300 |
_a80 p. ; _c21 cm. |
||
| 852 |
_aES-MaACL _jL-25430 _bR.130704 |
||
| 999 |
_c18980 _d18980 |
||